000 01402nam a2200325 c 4500
999 _c184836
_d184836
003 BLK
005 20220520135037.0
008 180411b bul|||||r ||||||| ||bul||
010 _aKNG00193813000
040 _aBLK
041 _aBUL
_cBUL
080 _aДруги учебни предмети. Методика на обучението на отделните учебни предмети
_b372.8
_z372.8
100 1 _aДонев, Иван Ганчев
_eпърви автор
_9363692
139 _aДонев, Иван Ганчев
_bД 77
245 1 0 _aГеометрия
_bРъководство за учителя на VIII кл
_cИван Ганчев Донев.
257 _aBGR
260 _bНар. просв.
_c1980
_fВраца : В. Александров
_aСофия
300 _a84 с.
_c20 см
380 _a3
500 _aАвт. не е отбелязан на кор..- В кн. авт. Иван Г. Донев отбелязан Иван Ганчев
650 4 _aГеометрия - методика на преподаването
_9246517
653 _aгеометрия
653 _aметодика на преподаването
653 _aръководства
852 _aЦб 103534
_bЦб
856 4 _qpdf
856 4 _qpdf
942 _cKNG
_n0
_s1
944 _aCR
_c19.10.2016
_kХристина_Везирева
944 _aED
_c19.10.2016
_kХристина_Везирева
944 _aED
_c2022-05-20
_kВП
999 _d184836